ATP 2023 Winners - Statistiques

Statistiques générales
  • Ce quiz a été pris 72 fois
    10 depuis la dernière actualisation
  • Le résultat moyen est 22 sur 35
Statistiques - réponses
Tournois Vainqueurs % Correct
Hambourg Chengdu Alexander Zverev
100%
Buenos AiresIndian Wells Barcelone Madrid Queen’s Wimbledon Carlos Alcaraz
100%
MontpellierToronto Beijing Vienne Jannik Sinner
100%
Adelaïde Open d’Australie Roland-Garros Cincinnati US Open Paris-Bercy ATP Finals Novak Djoković
100%
HalleAnvers Alexander Bublik
80%
Acapulco Alex De Minaur
80%
Umag Alexei Popyrin
80%
Lyon Arthur Fils
80%
Tokyo Ben Shelton
80%
Rotterdam Doha Dubaï Miami Rome Daniil Medvedev
80%
HoustonStuttgart Frances Tiafoe
80%
Stockholm Gaël Monfils
80%
Marseille Shanghai Hubert Hurkacz
80%
Delray BeachAtlanta Taylor Fritz
80%
Metz Ugo Humbert
80%
Monte-CarloBåstad Andrey Rublev
60%
Rio Cameron Norrie
60%
Estoril Casper Ruud
60%
Bâle Félix Auger-Aliassime
60%
Eastbourne Francisco Cerúndolo
60%
Munich Holger Rune
60%
Zhuhai Karen Khachanov
60%
Auckland Richard Gasquet
60%
Córdoba Kitzbühel Winston-Salem Sebastian Baez
60%
Washington Daniel Evans
40%
Banja Luka Dusan Lajović
40%
SantiagoGenève Nicolas Jarry
40%
Marrakech Roberto Carballés Baena
40%
Los Cabos Stefanos Tsitsipas
40%
Pune´s Hertogenbosch Tallon Griekspoor
40%
NewportAstana Sofia Adrian Mannarino
20%
Majorque Christopher Eubanks
20%
Gstaad Pedro Cachín
20%
Adelaïde 2 Soon-woo Kwon
20%
Dallas Yibing Wu
20%
Aucun quiz correspondant
Distribution des résultats
% des personnes avec chaque résultat
Percentile par nombre de réponses
Votre historique - résultats
Vous n’avez pas pris ce quiz depuis la dernière actualisation